| 000 | 00498nam a2200193Ia 4500 | ||
|---|---|---|---|
| 008 | 180207s9999 xx 000 0 und d | ||
| 020 | _a394832868 | ||
| 050 | _bL629 1976 | ||
| 100 | _aLeSieg, Theo. | ||
| 245 | _aHooper humperdink…? : | ||
| 245 | _bnot him! / | ||
| 245 | _cTheo LeSieg ; illustrated by Charles E. Martin. | ||
| 260 | _aNew York : | ||
| 260 | _bRandom House, Inc., | ||
| 260 | _c1976 | ||
| 300 | _aunpaged : | ||
| 300 | _bcolor illustration ; | ||
| 440 | _aDr. Seuss. | ||
| 999 |
_c355219 _d355219 |
||